[Event "CRO-chT2 Center"]
[Site "Croatia"]
[Date "2011.10.16"]
[Round "9.42"]
[White "Marangunic, Srdjan"]
[Black "Naglic, Marko"]
[Result "1-0"]
[WhiteElo "2377"]
[BlackElo "2167"]
[PlyCount "99"]
[EventDate "2011.03.20"]
[EventType "team-tourn"]
[EventRounds "11"]
[EventCountry "CRO"]
[SourceTitle "EXT 2014"]
[Source "ChessBase"]
[SourceDate "2013.11.20"]
[SourceVersion "1"]
[SourceVersionDate "2013.11.20"]
[SourceQuality "1"]

1. Nf3 g6 2. g3 Bg7 3. Bg2 e5 4. d3 Ne7 5. 0-0 f5 6. c4 d6 7. Nc3 0-0 8. Bd2 h6 9. Ne1 g5 10. b4 Nd7 11. a4 Nf6 12. a5 a6 13. b5 axb5 14. cxb5 d5 15. Qb3 Kh8 16. Na4 Ng6 17. Rc1 e4 18. b6 c6 19. Nc5 Rb8 20. Nc2 Qe8 21. Nb4 Nd7 22. Nxd7 Bxd7 23. a6 Ne5 24. a7 Ra8 25. Bc3 Qg6 26. Na6 f4 27. dxe4 dxe4 28. Nc5 Bf5 29. Bxe5 Bxe5 30. Nxb7 f3 31. exf3 Be6 32. Rxc6 Bxb3 33. Rxg6 Kh7 34. Rc6 exf3 35. Bh3 Bd5 36. Rc5 Bxb7 37. Rxe5 Rf7 38. Be6 Rf6 39. Rb1 Rd8 40. h4 Kg6 41. g4 gxh4 42. Bf5+ Kf7 43. Rc5 Kf8 44. Rc7 Rf7 45. Rxb7 Rxb7 46. Be4 Rg7 47. Bxf3 h5 48. b7 hxg4 49. Be4 g3 50. b8Q 1-0

[Event "CRO-chT2 Center"]
[Site "Croatia"]
[Date "2011.04.03"]
[Round "5.62"]
[White "Trbojevic, Mladen"]
[Black "Naglic, Marko"]
[Result "0-1"]
[WhiteElo "2365"]
[BlackElo "2167"]
[PlyCount "134"]
[EventDate "2011.03.20"]
[EventType "team-tourn"]
[EventRounds "11"]
[EventCountry "CRO"]
[SourceTitle "EXT 2014"]
[Source "ChessBase"]
[SourceDate "2013.11.20"]
[SourceVersion "1"]
[SourceVersionDate "2013.11.20"]
[SourceQuality "1"]

1. e4 d5 2. exd5 Qxd5 3. Nc3 Qa5 4. d4 c6 5. Bc4 Nf6 6. Nf3 Bf5 7. 0-0 e6 8. Re1 Be7 9. Ne5 Nbd7 10. Bd2 Qd8 11. Qe2 0-0 12. Bf4 Nb6 13. Rad1 Nxc4 14. Nxc4 Nd5 15. Nxd5 cxd5 16. Ne5 Rc8 17. c3 h6 18. Qh5 Bg5 19. Bxg5 Qxg5 20. Qxg5 hxg5 21. g4 Be4 22. Re3 Rfd8 23. f3 Bc2 24. Rd2 Bb1 25. Re1 Bh7 26. Kg2 Rd6 27. Kg3 f6 28. Nd3 Kf7 29. Nc5 b6 30. Na6 Bg6 31. h4 gxh4+ 32. Kxh4 Kg8 33. a3 Be8 34. Kg3 Bb5 35. Nb4 Kf7 36. f4 Rh8 37. Rf2 a5 38. Nc2 Bd3 39. Ne3 Rdd8 40. Rd1 Be4 41. f5 g6 42. fxe6+ Kxe6 43. Rdf1 Rdf8 44. Rf4 f5 45. R4f2 Rf7 46. Ng2 Rfh7 47. Nf4+ Kf6 48. gxf5 gxf5 49. Nxd5+ Kg5 50. Nf4 Rh4 51. Ne6+ Kf6 52. Re2 Rg4+ 53. Kf2 Kxe6 54. Ke3 Rh3+ 55. Kd2 b5 56. Ref2 Kd5 57. Kc1 Rhg3 58. Kd2 Rg2 59. b3 Rxf2+ 60. Rxf2 Rg2 61. Rxg2 Bxg2 62. Kd3 Bf1+ 63. Ke3 a4 64. c4+ bxc4 65. bxa4 c3 66. a5 Bb5 67. a4 Ba6 0-1

[Event "CRO-chT2 Center"]
[Site "Croatia"]
[Date "2011.03.27"]
[Round "4.12"]
[White "Naglic, Marko"]
[Black "Ostovic, Matija"]
[Result "0-1"]
[WhiteElo "2167"]
[BlackElo "2232"]
[PlyCount "110"]
[EventDate "2011.03.20"]
[EventType "team-tourn"]
[EventRounds "11"]
[EventCountry "CRO"]
[SourceTitle "EXT 2014"]
[Source "ChessBase"]
[SourceDate "2013.11.20"]
[SourceVersion "1"]
[SourceVersionDate "2013.11.20"]
[SourceQuality "1"]

1. e4 d6 2. d4 Nf6 3. Nc3 e5 4. Nf3 Nbd7 5. Bc4 Be7 6. 0-0 0-0 7. a4 c6 8. a5 Nxe4 9. Nxe4 d5 10. Bb3 dxe4 11. Nxe5 Bd6 12. Bf4 Qf6 13. Nxd7 Bxd7 14. Bxd6 Qxd6 15. c3 Kh8 16. Qd2 Rae8 17. Rae1 Bg4 18. Qg5 Be6 19. Bxe6 Rxe6 20. f3 h6 21. Qe3 f5 22. fxe4 Rxe4 23. Qf2 Rxe1 24. Rxe1 f4 25. Qe2 Qd5 26. b4 f3 27. gxf3 Rxf3 28. Qd2 Rf5 29. Re8+ Kh7 30. Qd3 Qf7 31. Re3 Qg6+ 32. Rg3 Rg5 33. Qxg6+ Kxg6 34. Kf2 Rxg3 35. Kxg3 Kf5 36. Kf3 g5 37. c4 h5 38. d5 cxd5 39. c5 Ke6 40. b5 Kd7 41. Ke3 a6 42. Kd4 axb5 43. Kxd5 b4 44. c6+ bxc6+ 45. Kc5 Kc7 46. Kxb4 g4 47. Kc4 h4 48. Kd4 h3 49. Ke5 g3 50. hxg3 h2 51. g4 h1Q 52. g5 Qa1+ 53. Ke6 Qxa5 54. g6 Qd5+ 55. Ke7 Qg8 0-1

[Event "CRO-chT2 Center"]
[Site "Croatia"]
[Date "2011.03.20"]
[Round "2.22"]
[White "Lisenko, Alexander V"]
[Black "Naglic, Marko"]
[Result "0-1"]
[WhiteElo "2341"]
[BlackElo "2167"]
[PlyCount "160"]
[EventDate "2011.03.20"]
[EventType "team-tourn"]
[EventRounds "11"]
[EventCountry "CRO"]
[SourceTitle "EXT 2014"]
[Source "ChessBase"]
[SourceDate "2013.11.20"]
[SourceVersion "1"]
[SourceVersionDate "2013.11.20"]
[SourceQuality "1"]

1. Nf3 g6 2. c4 Bg7 3. g3 e5 4. Nc3 Nc6 5. Bg2 Nge7 6. 0-0 0-0 7. d3 d6 8. Rb1 f5 9. Bd2 h6 10. b4 g5 11. b5 Nb8 12. e3 Nd7 13. Ne1 Nc5 14. Nd5 Nxd5 15. Bxd5+ Be6 16. Bg2 f4 17. exf4 exf4 18. Bc1 Rb8 19. g4 Qd7 20. h3 Bf7 21. Bb2 Bg6 22. Qd2 Bxb2 23. Rxb2 Qh7 24. d4 Ne4 25. Qb4 h5 26. Nf3 hxg4 27. hxg4 Qd7 28. Nh2 f3 29. Nxf3 Qxg4 30. Nh2 Qf4 31. Bxe4 Bxe4 32. Qd2 Kg7 33. Qxf4 Rxf4 34. Re1 Rbf8 35. Re3 Bg6 36. Rd2 R8f7 37. Rg3 Re7 38. Re3 Ree4 39. Rxe4 Bxe4 40. Kf1 Rh4 41. f3 Bf5 42. Kg2 Be6 43. Re2 Kf7 44. c5 Rxd4 45. cxd6 cxd6 46. Kg3 Rb4 47. Rc2 Rxb5 48. Rc7+ Kf6 49. Ng4+ Bxg4 50. Kxg4 Rb4+ 51. Kg3 a5 52. Rc8 a4 53. Rf8+ Kg6 54. Rd8 Rd4 55. Rb8 Rb4 56. Rd8 b5 57. Rxd6+ Kf5 58. Rd5+ Kf6 59. Rd6+ Ke5 60. Rg6 Kf5 61. Rb6 Rb2 62. a3 Rb3 63. Rb8 Ke5 64. Kg4 Kd6 65. Kxg5 Kc7 66. Rf8 Rxa3 67. f4 Rf3 68. f5 Kc6 69. Kg4 Rf1 70. f6 Kc5 71. Kg5 Kb4 72. f7 a3 73. Kg6 Kb3 74. Rb8 b4 75. f8Q Rxf8 76. Rxf8 a2 77. Rf3+ Kc4 78. Rf4+ Kb5 79. Rf5+ Ka4 80. Rf1 b3 0-1

[Event "CRO-chT2 Center"]
[Site "Zagreb"]
[Date "2010.10.10"]
[Round "7.22"]
[White "Naglic, Marko"]
[Black "Samovojska, Damir"]
[Result "1/2-1/2"]
[WhiteElo "2178"]
[BlackElo "2300"]
[PlyCount "80"]
[EventDate "2010.03.21"]
[EventType "team-tourn"]
[EventRounds "11"]
[EventCountry "CRO"]
[SourceTitle "EXT 2012"]
[Source "ChessBase"]
[SourceDate "2011.11.24"]
[SourceVersion "1"]
[SourceVersionDate "2011.11.24"]
[SourceQuality "1"]

1. e4 e6 2. d4 d5 3. exd5 exd5 4. c4 Nf6 5. Nc3 Bb4 6. Bd3 0-0 7. Nge2 h6 8. 0-0 dxc4 9. Bxc4 Nc6 10. Qd3 Ne7 11. a3 Bd6 12. Nb5 Ned5 13. Nxd6 Qxd6 14. Bd2 Bd7 15. Rfe1 Rfe8 16. Qg3 Qxg3 17. hxg3 Nb6 18. Bd3 c6 19. f3 Rad8 20. Rad1 Be6 21. Kf2 Bc4 22. Ba5 Bxd3 23. Rxd3 Rd7 24. Bxb6 axb6 25. Red1 Nd5 26. Nc3 Kf8 27. R1d2 Red8 28. Nxd5 Rxd5 29. a4 Ke7 30. Rb3 Rxd4 31. Rxd4 Rxd4 32. Rxb6 Rxa4 33. Rxb7+ Ke6 34. g4 Rc4 35. Ke3 Rc2 36. g3 Rg2 37. b3 Rc2 38. Kd3 Rf2 39. Ke3 Rc2 40. Kd3 Rf2 1/2-1/2

[Event "CRO-chT2 Center"]
[Site "Zagreb"]
[Date "2010.04.11"]
[Round "5.12"]
[White "Cop, Tomislav"]
[Black "Naglic, Marko"]
[Result "1-0"]
[WhiteElo "2275"]
[BlackElo "2178"]
[PlyCount "63"]
[EventDate "2010.03.21"]
[EventType "team-tourn"]
[EventRounds "11"]
[EventCountry "CRO"]
[SourceTitle "EXT 2012"]
[Source "ChessBase"]
[SourceDate "2011.11.24"]
[SourceVersion "1"]
[SourceVersionDate "2011.11.24"]
[SourceQuality "1"]

1. e4 c5 2. Nf3 e6 3. d4 cxd4 4. Nxd4 a6 5. Nc3 Qc7 6. Bd3 Nf6 7. Qe2 d6 8. f4 Nbd7 9. g4 Nc5 10. g5 Nfd7 11. Bd2 Nb6 12. a4 Bd7 13. b3 Be7 14. a5 Nxd3+ 15. Qxd3 Nc8 16. f5 0-0 17. Rf1 Re8 18. Qh3 exf5 19. Nd5 Qd8 20. Nxf5 Bf8 21. Qf3 Be6 22. 0-0-0 Bxd5 23. exd5 Qd7 24. Bc3 Na7 25. Nh6+ gxh6 26. Qf6 Re5 27. Bxe5 dxe5 28. gxh6 Ba3+ 29. Kb1 Kf8 30. d6 Bxd6 31. Rxd6 Qc7 32. Re6 1-0

[Event "CRO-chT2 Center"]
[Site "Zagreb"]
[Date "2010.03.21"]
[Round "1.32"]
[White "Zamostni, Jan"]
[Black "Naglic, Marko"]
[Result "1-0"]
[WhiteElo "2255"]
[BlackElo "2178"]
[PlyCount "107"]
[EventDate "2010.03.21"]
[EventType "team-tourn"]
[EventRounds "11"]
[EventCountry "CRO"]
[SourceTitle "EXT 2012"]
[Source "ChessBase"]
[SourceDate "2011.11.24"]
[SourceVersion "1"]
[SourceVersionDate "2011.11.24"]
[SourceQuality "1"]

1. e4 c5 2. Nf3 e6 3. d4 cxd4 4. Nxd4 a6 5. Nc3 Qc7 6. Be2 Nf6 7. 0-0 Be7 8. f4 d6 9. Bf3 0-0 10. g4 Nc6 11. Nxc6 bxc6 12. g5 Nd7 13. Bg2 Re8 14. f5 exf5 15. exf5 d5 16. Qh5 g6 17. fxg6 hxg6 18. Qh4 Ne5 19. Be3 Be6 20. Rae1 Bf8 21. Bd4 Bg7 22. Qf4 Bf5 23. Kh1 Qb8 24. Nxd5 cxd5 25. Bxd5 Ra7 26. Bxa7 Qxa7 27. Re3 Qd7 28. c4 Ng4 29. Ref3 Re7 30. Qb8+ Qe8 31. Qxe8+ Rxe8 32. Rxf5 gxf5 33. Rxf5 Re2 34. Bxf7+ Kh8 35. Rf3 Rxh2+ 36. Kg1 Bd4+ 37. Kf1 Kg7 38. g6 Rxb2 39. Rd3 Be5 40. c5 Rc2 41. Rd7 Rf2+ 42. Kg1 Kh6 43. Be8 Rb2 44. Rh7+ Kg5 45. g7 Bd4+ 46. Kf1 Ne3+ 47. Kg1 Rg2+ 48. Kh1 Kf6 49. c6 Rc2 50. g8Q Rc1+ 51. Qg1 Rxg1+ 52. Kxg1 Nd5+ 53. Kg2 Bb6 54. Rb7 1-0

[Event "Zagreb op-B"]
[Site "Zagreb"]
[Date "2009.03.26"]
[Round "6"]
[White "Naglic, Marko"]
[Black "Livaic, Damir"]
[Result "1/2-1/2"]
[WhiteElo "2180"]
[BlackElo "2018"]
[PlyCount "104"]
[EventDate "2009.03.21"]
[EventType "swiss"]
[EventRounds "9"]
[EventCountry "CRO"]
[SourceTitle "CBM 129 Extra"]
[Source "ChessBase"]
[SourceDate "2009.05.05"]
[SourceVersion "2"]
[SourceVersionDate "2009.05.20"]
[SourceQuality "1"]

1. e4 c6 2. Nf3 d5 3. Nc3 Nf6 4. e5 Ne4 5. Be2 Nxc3 6. dxc3 Bg4 7. Ng5 Bxe2 8. Qxe2 e6 9. Qh5 g6 10. Qe2 h6 11. Nf3 Nd7 12. 0-0 Bg7 13. b3 Qc7 14. Re1 c5 15. Bb2 0-0 16. c4 Rfe8 17. Rad1 Nb6 18. Nd2 Rad8 19. f4 Qc6 20. a4 Na8 21. Nf1 Nc7 22. Ne3 Re7 23. Rd3 Red7 24. Red1 d4 25. Ng4 Ne8 26. Re1 b6 27. Nf2 a6 28. Qe4 Qxe4 29. Nxe4 a5 30. Bc1 Bf8 31. Bd2 Kg7 32. g4 Be7 33. g5 h5 34. Nf6 Bxf6 35. gxf6+ Kf8 36. Kf1 Nc7 37. Re2 Na6 38. Ke1 Nb4 39. Bxb4 axb4 40. Kd2 Re8 41. Rg3 Kg8 42. Kd3 Kh7 43. Reg2 Rg8 44. Rg5 Ra7 45. R2g3 Rc7 46. Rh3 Rh8 47. Rg1 Ra8 48. Ke4 Rd7 49. Rd3 Kh6 50. Rdd1 Rdd8 51. h4 Rd7 52. Rg3 Rad8 1/2-1/2

[Event "CRO-chT2b"]
[Site "Croatia"]
[Date "2009.03.01"]
[Round "1"]
[White "Machata, Martin"]
[Black "Naglic, Marko"]
[Result "1-0"]
[WhiteElo "2195"]
[BlackElo "2180"]
[PlyCount "69"]
[EventDate "2009.03.01"]
[EventType "team-tourn"]
[EventRounds "11"]
[EventCountry "CRO"]
[SourceTitle "EXT 2010"]
[Source "ChessBase"]
[SourceDate "2010.11.25"]
[SourceVersion "1"]
[SourceVersionDate "2010.11.25"]
[SourceQuality "1"]

1. e4 c5 2. Nc3 Nc6 3. Bb5 Nd4 4. Bc4 e6 5. Nf3 Nf6 6. 0-0 Qc7 7. d3 Nxf3+ 8. Qxf3 a6 9. Bf4 d6 10. Rfe1 b5 11. e5 Bb7 12. exd6 Qc6 13. Qxc6+ Bxc6 14. Bb3 Kd7 15. a4 Bxd6 16. Bxd6 Kxd6 17. Rad1 Rhd8 18. f4 g6 19. h3 h5 20. Re5 Nd7 21. Re2 Nf6 22. Rde1 Re8 23. Re5 Rab8 24. a5 Rbc8 25. Rd1 Bb7 26. Kf2 Red8 27. Rde1 Re8 28. Rd1 Nd7 29. Re3 Nb8 30. Re5 Nd7 31. Re3 Rc7 32. d4 b4 33. d5 exd5 34. Nxd5 Rcc8 35. Ne7+ 1-0

[Event "CRO-chT2b"]
[Site "Croatia"]
[Date "2009.03.01"]
[Round "2"]
[White "Naglic, Marko"]
[Black "Petrovic, Zvonko"]
[Result "1/2-1/2"]
[WhiteElo "2180"]
[BlackElo "2256"]
[PlyCount "49"]
[EventDate "2009.03.01"]
[EventType "team-tourn"]
[EventRounds "11"]
[EventCountry "CRO"]
[SourceTitle "EXT 2010"]
[Source "ChessBase"]
[SourceDate "2010.11.25"]
[SourceVersion "1"]
[SourceVersionDate "2010.11.25"]
[SourceQuality "1"]

1. e4 c5 2. Nf3 Nc6 3. Bb5 Qb6 4. Bxc6 Qxc6 5. Nc3 e6 6. 0-0 a6 7. Re1 Ne7 8. d3 b6 9. b3 Bb7 10. Bb2 d6 11. Qd2 Ng6 12. Ne2 0-0-0 13. Nf4 d5 14. exd5 Qc7 15. Nxg6 hxg6 16. Be5 Bd6 17. Qf4 Bxd5 18. Bxd6 Rxd6 19. h3 Rh5 20. Ng5 Rd7 21. Qxc7+ Kxc7 22. Ne4 Bc6 23. f3 Rd8 24. a4 a5 25. Re3 1/2-1/2

[Event "Velika Gorica op 7th"]
[Site "Velika Gorica"]
[Date "2007.08.24"]
[Round "8"]
[White "Naglic, Marko"]
[Black "Cupic, Lovro"]
[Result "1-0"]
[WhiteElo "2213"]
[BlackElo "1918"]
[PlyCount "49"]
[EventDate "2007.08.18"]
[EventType "swiss"]
[EventRounds "9"]
[EventCountry "CRO"]
[SourceTitle "CBM 120 Extra"]
[Source "ChessBase"]
[SourceDate "2007.11.01"]
[SourceVersion "1"]
[SourceVersionDate "2007.11.01"]
[SourceQuality "1"]

1. e4 c6 2. d4 d5 3. Nc3 dxe4 4. Nxe4 Nd7 5. Bc4 e6 6. Nf3 Ngf6 7. Qe2 Nxe4 8. Qxe4 Nf6 9. Qe2 Bd6 10. Bd2 0-0 11. 0-0-0 b5 12. Bd3 Bb7 13. Bg5 h6 14. h4 Be7 15. g4 Nd5 16. Qe4 g6 17. Bxh6 Nf6 18. Qe2 Re8 19. h5 Nxg4 20. Bd2 Qd5 21. hxg6 f5 22. c4 Qd7 23. Ne5 Qxd4 24. Nxg4 b4 25. Qxe6+ 1-0

[Event "Velika Gorica op 7th"]
[Site "Velika Gorica"]
[Date "2007.08.23"]
[Round "7"]
[White "Naglic, Marko"]
[Black "Hamer, Ivan"]
[Result "0-1"]
[WhiteElo "2213"]
[BlackElo "2062"]
[PlyCount "125"]
[EventDate "2007.08.18"]
[EventType "swiss"]
[EventRounds "9"]
[EventCountry "CRO"]
[SourceTitle "CBM 120 Extra"]
[Source "ChessBase"]
[SourceDate "2007.11.01"]
[SourceVersion "1"]
[SourceVersionDate "2007.11.01"]
[SourceQuality "1"]

1. e4 e6 2. f4 d5 3. e5 c5 4. Nf3 Nc6 5. c3 Qa5 6. d3 Bd7 7. Be2 b5 8. 0-0 d4 9. Qc2 Nge7 10. Nbd2 Qb6 11. Ne4 Nd5 12. Kh1 Be7 13. a3 a5 14. Bd2 a4 15. c4 bxc4 16. dxc4 Nc7 17. Rab1 Na5 18. Be1 Qb3 19. Qxb3 Nxb3 20. Bd3 Bc6 21. Kg1 f5 22. exf6 gxf6 23. Rf2 Kf7 24. Re2 Rhg8 25. Kf1 h6 26. Bg3 Ne8 27. Rbe1 Ng7 28. Ned2 Rab8 29. f5 e5 30. Ne4 Nh5 31. Bxe5 Bxe4 32. Bxe4 fxe5 33. Nxe5+ Kg7 34. Bd5 Bg5 35. Nd7 Be3 36. Rxe3 dxe3 37. Rxe3 Rge8 38. f6+ Nxf6 39. Rg3+ Kh8 40. Nxf6 Rf8 41. Rg6 Rb6 42. Rg8+ Rxg8 43. Nxg8 Nd2+ 44. Ke1 Rxb2 45. Nxh6 Nb1 46. Nf7+ Kg7 47. Ne5 Nxa3 48. Nd3 Nc2+ 49. Kd2 a3 50. Nxb2 a2 51. Kxc2 a1Q 52. Nd3 Qa2+ 53. Kc3 Qa3+ 54. Kd2 Kf6 55. Ke3 Kf5 56. h3 Qc3 57. Ke2 Qd4 58. Kd2 Kg5 59. Ke2 Kh4 60. Kd2 Kg3 61. Ke2 Qc3 62. Nxc5 Qc2+ 63. Ke1 0-1

[Event "Velika Gorica op 7th"]
[Site "Velika Gorica"]
[Date "2007.08.21"]
[Round "5"]
[White "Naglic, Marko"]
[Black "Babic, Bozidar"]
[Result "1-0"]
[WhiteElo "2213"]
[BlackElo "2012"]
[PlyCount "165"]
[EventDate "2007.08.18"]
[EventType "swiss"]
[EventRounds "9"]
[EventCountry "CRO"]
[SourceTitle "CBM 120 Extra"]
[Source "ChessBase"]
[SourceDate "2007.11.01"]
[SourceVersion "1"]
[SourceVersionDate "2007.11.01"]
[SourceQuality "1"]

1. e4 c5 2. f4 Nc6 3. Nf3 e6 4. c3 d6 5. Na3 Nf6 6. d3 g6 7. g3 Bg7 8. Bg2 a6 9. 0-0 0-0 10. Nc2 Qc7 11. Qe1 e5 12. h3 Bd7 13. f5 gxf5 14. Nh4 fxe4 15. dxe4 Kh8 16. Bg5 Ne8 17. Rd1 f6 18. Bc1 Ne7 19. Ne3 Be6 20. Qe2 Qd7 21. Kh2 Bh6 22. a3 Bg5 23. Nf3 Bh6 24. Nh4 Bg5 25. Nhf5 Nxf5 26. exf5 Bf7 27. h4 Bh6 28. g4 Rd8 29. g5 Bg7 30. Nd5 Qa4 31. Kg3 Qd7 32. Be4 Bxd5 33. Rxd5 Rg8 34. g6 b5 35. h5 h6 36. Rfd1 Qe7 37. Qd3 c4 38. Qe3 Nc7 39. Qb6 Nxd5 40. Rxd5 Rd7 41. Qxa6 Rb8 42. Be3 Bf8 43. Kf2 Qd8 44. Ke2 Kg7 45. Kd2 Kg8 46. Kc2 Bg7 47. Kb1 Bf8 48. Ka2 Bg7 49. Rd2 Kh8 50. Bd5 Qc7 51. Bc6 Rdd8 52. Rd5 Bf8 53. Bxb5 Rdc8 54. a4 Ra8 55. Qb6 Qe7 56. Bd2 Rcb8 57. Qc6 Ra7 58. Qxc4 Qb7 59. b4 Rc8 60. Qd3 Rca8 61. Kb3 Rd8 62. Be3 Raa8 63. a5 Qe7 64. Qe4 Rdc8 65. c4 Qb7 66. Rxe5 d5 67. Qxd5 Qc7 68. Re6 Rd8 69. Qe4 Qh2 70. Bc6 Rac8 71. Bd5 Qxh5 72. Bd4 Qd1+ 73. Ka3 Qc1+ 74. Bb2 Bxb4+ 75. Ka2 Qd2 76. Qd4 Qxd4 77. Bxd4 Kg8 78. Bxf6 Rxd5 79. cxd5 Bxa5 80. d6 Ra8 81. Kb3 h5 82. Kc4 Bd2 83. d7 1-0

[Event "Velika Gorica op 7th"]
[Site "Velika Gorica"]
[Date "2007.08.18"]
[Round "1"]
[White "Naglic, Marko"]
[Black "Srdic, Jovo"]
[Result "1-0"]
[WhiteElo "2213"]
[BlackElo "1879"]
[PlyCount "90"]
[EventDate "2007.08.18"]
[EventType "swiss"]
[EventRounds "9"]
[EventCountry "CRO"]
[SourceTitle "CBM 120 Extra"]
[Source "ChessBase"]
[SourceDate "2007.11.01"]
[SourceVersion "1"]
[SourceVersionDate "2007.11.01"]
[SourceQuality "1"]

1. e4 c5 2. f4 d6 3. Nf3 a6 4. c3 Nf6 5. Be2 Nc6 6. e5 dxe5 7. fxe5 Ng4 8. d4 cxd4 9. cxd4 Qa5+ 10. Nc3 e6 11. 0-0 h5 12. h3 Nh6 13. Be3 Nf5 14. Bf2 Be7 15. a3 Qd8 16. Qd2 g5 17. g4 hxg4 18. hxg4 Nh4 19. Nxh4 gxh4 20. Rad1 Bg5 21. Be3 Rg8 22. Ne4 Be7 23. Kh2 Qc7 24. g5 Bd7 25. Bh5 Rg7 26. Nf6+ Bxf6 27. Rxf6 Ke7 28. Rdf1 Be8 29. Qf2 Nd8 30. Qxh4 Qc2+ 31. R6f2 Qd3 32. g6+ Kd7 33. Bh6 Rxg6 34. Bxg6 Qxg6 35. Bf8 Nc6 36. Rf6 Qc2+ 37. R1f2 Qd3 38. Bd6 Nxd4 39. Rxf7+ Kc6 40. Rc7+ Kb6 41. Rc3 Qd1 42. Bc5+ Kb5 43. Qxd4 Qh5+ 44. Rh3 Qg5 45. Rb3+ Kc6 1-0